000 00639nam a22001695i 4500
001 53232
003 ES-MaACL
005 20230906162729.0
007 t|
008 950911s1845 fr ||||1| fre d
040 _aCAM
_bspa
_cCAM
100 1 _aDupin, André-Marie-Jean-Jacques.
_946086
245 1 0 _aManuel du droit public ecclésiastique francais
_b: contenant les libertés de l'Eglise gallicane..., la déclaration du clergé de 1682..., le Concordat et sa loi organique... /
_cpar M. Dupin.
260 _aParis :
_bVidecoq Père et Fils,
_c1845 (
_fPlon Frères)
300 _aXXXVI, 572 p. ;
_c17 cm.
852 _aES-MaACL
_jF-13429
999 _c53232
_d53232